MARC details
| 000 -LEADER |
| fixed length control field |
02226cam a2200325 i 4500 |
| 001 - CONTROL NUMBER |
| control field |
905089539 |
| 003 - CONTROL NUMBER IDENTIFIER |
| control field |
OCoLC |
| 005 - DATE AND TIME OF LATEST TRANSACTION |
| control field |
20250123115343.0 |
| 008 - FIXED-LENGTH DATA ELEMENTS--GENERAL INFORMATION |
| fixed length control field |
150313s2015 miu b 001 0 eng |
| 020 ## - INTERNATIONAL STANDARD BOOK NUMBER |
| International Standard Book Number |
9780802872388 |
| Qualifying information |
(pbk. ; |
| -- |
alk. paper) |
| 020 ## - INTERNATIONAL STANDARD BOOK NUMBER |
| International Standard Book Number |
0802872387 |
| Qualifying information |
(pbk. ; |
| -- |
alk. paper) |
| 035 ## - SYSTEM CONTROL NUMBER |
| System control number |
(OCoLC)905089539 |
| 040 ## - CATALOGING SOURCE |
| Original cataloging agency |
DLC |
| Language of cataloging |
eng |
| Description conventions |
rda |
| Transcribing agency |
DLC |
| Modifying agency |
BDX |
| -- |
BTCTA |
| -- |
YDXCP |
| -- |
CFT |
| -- |
DDC |
| -- |
CDX |
| -- |
OCLCF |
| -- |
YUS |
| -- |
ZCU |
| -- |
HNW |
| -- |
LNT |
| -- |
OCLCQ |
| -- |
CHVBK |
| 082 00 - DEWEY DECIMAL CLASSIFICATION NUMBER |
| Classification number |
226.206 |
| Edition information |
23 |
| Item number |
BOX 1 |
| 100 1# - MAIN ENTRY--PERSONAL NAME |
| Personal name |
Boxall, Ian. |
| Authority record control number or standard number |
https://id.loc.gov/authorities/names/nb2002004280 |
| 245 10 - TITLE STATEMENT |
| Title |
Discovering Matthew : |
| Remainder of title |
content, interpretation, reception / |
| Statement of responsibility, etc. |
Ian Boxall. |
| 264 #1 - PRODUCTION, PUBLICATION, DISTRIBUTION, MANUFACTURE, AND COPYRIGHT NOTICE |
| Place of production, publication, distribution, manufacture |
Grand Rapids, Michigan : |
| Name of producer, publisher, distributor, manufacturer |
William B. Eerdmans Publishing Company, |
| Date of production, publication, distribution, manufacture, or copyright notice |
2015. |
| 264 #4 - PRODUCTION, PUBLICATION, DISTRIBUTION, MANUFACTURE, AND COPYRIGHT NOTICE |
| Date of production, publication, distribution, manufacture, or copyright notice |
©2014 |
| 300 ## - PHYSICAL DESCRIPTION |
| Extent |
ix, 206 pages ; |
| Dimensions |
23 cm. |
| 336 ## - CONTENT TYPE |
| Content type term |
text |
| Content type code |
txt |
| Source |
rdacontent |
| 337 ## - MEDIA TYPE |
| Media type term |
unmediated |
| Media type code |
n |
| Source |
rdamedia |
| 338 ## - CARRIER TYPE |
| Carrier type term |
volume |
| Carrier type code |
nc |
| Source |
rdacarrier |
| 490 1# - SERIES STATEMENT |
| Series statement |
Discovering biblical texts. |
| 504 ## - BIBLIOGRAPHY, ETC. NOTE |
| Bibliography, etc. note |
Includes bibliographical references and indexes. |
| 505 0# - FORMATTED CONTENTS NOTE |
| Formatted contents note |
Introduction -- Interpreting Matthew : strategies for reading -- The text of Matthew : puzzles and possibilities -- Characters and places in Matthew's story -- Matthew's world : locating the text historically and socially -- Beginnings : the infancy narratives -- Jesus as teacher : ethics and judgement -- Jesus as healer and exorcist -- Fulfilling the law and the prophets -- 'Built upon the rock' : the gospel of the church -- Endings : the passion and death of Jesus -- Endings and new beginnings : the resurrection of Jesus -- Conclusions : interpreting Matthew today. |
| 520 ## - SUMMARY, ETC. |
| Summary, etc. |
In this student-Friendly introduction to the Gospel of Matthew, Ian Boxall illuminates the biblical text's content, interpretation, and historical reception. Boxall deftly guides readers through the issues and scholarly debates surrounding Matthew's Gospel, encouraging in-depth study of the biblical text and genuine grappling with pertinent theological and historical questions. |
| 630 00 - SUBJECT ADDED ENTRY--UNIFORM TITLE |
| Uniform title |
Bible. |
| Name of part/section of a work |
Matthew |
| General subdivision |
Criticism, interpretation, etc. |
| Authority record control number or standard number |
https://id.loc.gov/authorities/subjects/sh85013762 |
| 655 #7 - INDEX TERM--GENRE/FORM |
| Genre/form data or focus term |
Criticism, interpretation, etc. |
| Source of term |
fast |
| Authority record control number or standard number |
https://id.worldcat.org/fast/1411635 |
| 942 ## - ADDED ENTRY ELEMENTS (KOHA) |
| Source of classification or shelving scheme |
Dewey Decimal Classification |
| Koha item type |
Books |
| Suppress in OPAC |
No |